[Event "Lumpy's Christmas Knock Out"]
[Site "SchemingMind.com"]
[Date "2011.12.06"]
[Round "-"]
[White "Olli Ylönen"]
[Black "kenneth m day"]
[Result "1-0"]
[WhiteCountry "FIN"]
[BlackCountry "USA"]
[WhiteElo "1768"]
[WhiteRD "52"]
[BlackElo "1898"]
[BlackRD "56"]
[GameID "298253"]

1. e4 e6 2. d4 d5 3. Nc3 Nf6 4. Bg5 Be7 5. e5 Nfd7 6. h4 O-O 7. Bd3 c5 8. Qh5 g6 9. Qh6 Nc6 10. Nh3 Nxd4
11. Bf6 Bxf6 12. Ng5 Bxg5 13. hxg5
1-0

[Event "Lumpy's Christmas Knock Out"]
[Site "SchemingMind.com"]
[Date "2011.12.06"]
[Round "-"]
[White "kenneth m day"]
[Black "Olli Ylönen"]
[Result "1-0"]
[WhiteCountry "USA"]
[BlackCountry "FIN"]
[WhiteElo "1898"]
[WhiteRD "56"]
[BlackElo "1768"]
[BlackRD "52"]
[GameID "298263"]

1. e4 e5 2. Nf3 Nc6 3. c3 Nf6 4. d4 exd4 5. e5 Ne4 6. Qe2 f5 7. exf6 d5 8. Nbd2 d3 9. Qe3 Bc5 10. fxg7 Rg8
11. Nd4 Qe7 12. Bxd3 Nxd4 13. cxd4 Bxd4 14. Qxd4 Ng3+ 15. Ne4 Nxh1 16. Bg5 Qe6 17. Kf1 Bd7 18. Nc5
1-0

[Event "Lumpy's Christmas Knock Out"]
[Site "SchemingMind.com"]
[Date "2011.12.05"]
[Round "-"]
[White "lea_dc"]
[Black "Lanaroon"]
[Result "1-0"]
[WhiteCountry "ARG"]
[BlackCountry "ENG"]
[WhiteElo "1776"]
[WhiteRD "117"]
[BlackElo "1612"]
[BlackRD "79"]
[GameID "298379"]

1. e4 e5 2. Nf3 Nc6 3. Bb5 g6 4. O-O Bg7 5. Re1 Nf6 6. c3 O-O 7. d4 d5 8. exd5 Nxd5 9. Bxc6 bxc6 10. Nxe5 Bxe5
11. Rxe5 f6 12. Re1 Bf5 13. Nd2 Re8 14. Nb3 Rxe1+ 15. Qxe1 Qe8 16. Bd2 Kf7 17. Nc5 a5 18. Kf1 h5 19. Qe2 Qxe2+ 20. Kxe2 g5
21. Re1 Nb6 22. f3 a4 23. h3 Nc4 24. Bc1 a3 25. bxa3 Nxa3 26. g4 hxg4 27. hxg4 Bg6 28. Kf2 Nb5 29. Re6 Rxa2+ 30. Ke3 Rc2
31. Bd2 Nxd4 32. cxd4 Rxc5 33. Rxf6+ Kxf6 34. dxc5 Ke5 35. Ba5 Kd5 36. Bxc7 Kxc5 37. Bd8 Kd5 38. Bxg5 c5 39. Bf6 c4 40. f4 Ke6
41. Bc3 Bd3 42. f5+ Kf7 43. Kf4
1-0

[Event "Lumpy's Christmas Knock Out"]
[Site "SchemingMind.com"]
[Date "2011.12.05"]
[Round "-"]
[White "Lanaroon"]
[Black "lea_dc"]
[Result "0-1"]
[WhiteCountry "ENG"]
[BlackCountry "ARG"]
[WhiteElo "1612"]
[WhiteRD "79"]
[BlackElo "1776"]
[BlackRD "117"]
[GameID "298382"]

1. e4 e5 2. Nf3 Nc6 3. Bb5 a6 4. Ba4 Nf6 5. O-O b5 6. Bb3 Be7 7. Re1 O-O 8. c3 d6 9. h3 Bb7 10. d3 Na5
11. Bc2 c5 12. Bg5 c4 13. b4 cxd3 14. Bxd3 Nc6 15. a3 Rc8 16. Qb3 h6 17. Bxf6 Bxf6 18. Nbd2 Qc7 19. Rac1 Rfd8 20. c4 Na7
21. Re3 Qd7 22. h4 Qg4 23. Nh2 Qxh4 24. Rh3 Qf4 25. Nhf3 Qg4 26. Qd1 Qe6 27. cxb5 Nxb5 28. Bxb5 axb5 29. Rh1 Rxc1 30. Qxc1 Rc8
31. Qf1 Qd7 32. Kh2 Rc2 33. Qb1 Qc7 34. Kg3 Qc3 35. Qb3 Qxb3 36. Nxb3 Bxe4 37. Rd1 Rc3 38. Nc1 Bc2 39. Rxd6 e4 40. Rb6 exf3
41. gxf3 Bg6 42. Rxb5 Rxc1 43. a4 Rb1 44. Rb7 Bc3 45. b5 Rb2 46. f4 Be1 47. Re7 Bxf2+ 48. Kg4 Rb4
0-1

[Event "Lumpy's Christmas Knock Out"]
[Site "SchemingMind.com"]
[Date "2011.12.05"]
[Round "-"]
[White "bodolsog"]
[Black "Clive Everill"]
[Result "0-1"]
[WhiteCountry "POL"]
[BlackCountry "CZE"]
[WhiteElo "1361"]
[WhiteRD "90"]
[BlackElo "1733"]
[BlackRD "52"]
[GameID "298479"]

1. g3 d5 2. d4 Bf5 3. Bf4 Nf6 4. Be5 Nbd7 5. Bg2 e6 6. Nf3 Be7 7. O-O O-O 8. Nc3 c5 9. dxc5 Nxc5 10. b4 Nce4
11. Nb5 a6 12. Nbd4 Bg6 13. a3 Rc8 14. b5 Nc3 15. Qd2 Nxb5 16. Nxb5 Rxc2 17. Qd1 axb5 18. Nd4 Rc5 19. Rc1 Qb6 20. Nb3 Rxc1
21. Qxc1 Ng4 22. e3 Nxe5 23. Qb2 Bf6 24. Nd4 Bd3 25. Rc1 Be7 26. Bf1 Bxf1 27. Kxf1 Nd3 28. Qxb5 Qxb5 29. Nxb5 Nxc1 30. h4 Ra8
31. Kg2 Bxa3
0-1

[Event "Lumpy's Christmas Knock Out"]
[Site "SchemingMind.com"]
[Date "2011.12.06"]
[Round "-"]
[White "Clive Everill"]
[Black "bodolsog"]
[Result "1-0"]
[WhiteCountry "CZE"]
[BlackCountry "POL"]
[WhiteElo "1785"]
[WhiteRD "52"]
[BlackElo "1460"]
[BlackRD "102"]
[GameID "298481"]

1. e4 e5 2. f4 d5 3. exd5 Qxd5 4. Nc3 Qd4 5. Nf3 Qxf4 6. d4 Qf6 7. dxe5 Qe6 8. Nb5 c6 9. Nc7+ Ke7 10. Nxe6 fxe6
11. Bg5+ Ke8 12. Qd8+ Kf7 13. Qxc8 Ne7 14. Qxb7
1-0

[Event "Lumpy's Christmas Knock Out"]
[Site "SchemingMind.com"]
[Date "2011.12.09"]
[Round "-"]
[White "Phillip Beckett"]
[Black "jtrochez1"]
[Result "0-1"]
[WhiteCountry "ENG"]
[BlackCountry "HON"]
[WhiteElo "1669"]
[WhiteRD "56"]
[BlackElo "1625"]
[BlackRD "51"]
[GameID "298770"]

1. e4 e5 2. Nf3 Nc6 3. Bb5 d6 4. d4 exd4 5. Nxd4 Bd7 6. Nxc6 bxc6 7. Bd3 Nf6 8. O-O Be7 9. Nc3 O-O 10. Bg5 Bg4
11. f3 Bh5 12. Be3 Bg6 13. Qd2 Kh8 14. Rad1 Qb8 15. b3 a5 16. Bd4 d5 17. exd5 cxd5 18. Bxg6 fxg6 19. Rfe1 Bb4 20. Qd3 c6
21. Re7 Bxe7 22. Na4 Nd7 23. Qc3 Bf6 24. Bxf6 gxf6 25. Nc5 Nxc5 26. Qxc5 Qc7
0-1

[Event "Lumpy's Christmas Knock Out"]
[Site "SchemingMind.com"]
[Date "2011.12.09"]
[Round "-"]
[White "NYNH"]
[Black "BlueMooner"]
[Result "1-0"]
[WhiteCountry "USA"]
[BlackCountry "ENG"]
[WhiteElo "2047"]
[WhiteRD "70"]
[BlackElo "1960"]
[BlackRD "85"]
[GameID "298771"]

1. d4 d5 2. c4 e6 3. Nf3 Nf6 4. g3 Bb4+ 5. Bd2 Be7 6. Bg2 O-O 7. O-O c6 8. Qc2 b6 9. Rd1 Bb7 10. Bf4 Nbd7
11. Nc3 Rc8 12. Ne5 Nh5 13. Bc1 Qc7 14. Nxd7 Qxd7 15. e4 dxe4 16. Nxe4 h6 17. b3 Nf6 18. Bb2 Rfd8 19. c5 Nd5 20. Nd2 bxc5
21. dxc5 Qc7 22. Re1 a5 23. Be5 Qd7 24. Ne4 f6 25. Bd6 Nc7 26. Bxe7 Qxe7 27. Nd6 Rb8 28. Qg6 Bc8 29. Nf5 Qf7 30. Nxh6+
1-0

[Event "Lumpy's Christmas Knock Out"]
[Site "SchemingMind.com"]
[Date "2011.12.09"]
[Round "-"]
[White "jtrochez1"]
[Black "Phillip Beckett"]
[Result "1-0"]
[WhiteCountry "HON"]
[BlackCountry "ENG"]
[WhiteElo "1626"]
[WhiteRD "49"]
[BlackElo "1612"]
[BlackRD "50"]
[GameID "298774"]

1. e4 e5 2. Nf3 Nc6 3. d4 exd4 4. Nxd4 Bc5 5. c3 Qf6 6. Be3 Nge7 7. Be2 Nxd4 8. Bxd4 Bxd4 9. Qxd4 Qxd4 10. cxd4 O-O
11. Nc3 c6 12. O-O d6 13. f4 Ng6 14. f5 Ne7 15. g4 b6 16. b4 c5 17. bxc5 bxc5 18. dxc5 dxc5 19. a4 Bb7 20. Bf3 Nc6
21. Nd5 Nd4 22. Bd1 Rfd8 23. a5 Bxd5 24. exd5 Rxd5 25. a6 Rad8 26. Re1 Nc6 27. Bb3 Rd2 28. Ba4 Nd4 29. Re8+ Rxe8 30. Bxe8 Nf3+
31. Kf1 Nxh2+ 32. Ke1 Nf3+ 33. Kf1 Rh2 34. Ra4 Kf8 35. Bc6 Ne5 36. Bb5 c4 37. Bxc4 Nxc4 38. Rxc4 g6 39. f6 Ke8 40. Rc7 Rh4
41. Rxa7 Rxg4 42. Rb7 Rf4+ 43. Kg2 Rxf6 44. a7 Ra6 45. Rb8+ Ke7 46. a8=Q Rxa8 47. Rxa8 Kf6 48. Kg3 h5 49. Ra5 g5 50. Rb5 Kg6
51. Kh3 f6= 52. Kg3 Kh6 53. Kf3 Kg6 54. Ke4 h4 55. Rf5 g4 56. Rf1 g3 57. Kf3 Kg5 58. Kg2 f5 59. Kh3 f4 60. Rf3 g2
61. Kh2 Kg4 62. Kxg2 h3+ 63. Rxh3
1-0

[Event "Lumpy's Christmas Knock Out"]
[Site "SchemingMind.com"]
[Date "2011.12.09"]
[Round "-"]
[White "BlueMooner"]
[Black "NYNH"]
[Result "0-1"]
[WhiteCountry "ENG"]
[BlackCountry "USA"]
[WhiteElo "1913"]
[WhiteRD "90"]
[BlackElo "2066"]
[BlackRD "66"]
[GameID "298775"]

1. e4 e6 2. d4 d5 3. Nc3 Nf6 4. Bg5 Be7 5. e5 Nfd7 6. Bxe7 Qxe7 7. f4 a6 8. Nf3 c5 9. dxc5 Nc6 10. Qd2 Qxc5
11. O-O-O b5 12. Bd3 Bb7 13. Kb1 b4 14. Ne2 a5 15. Rhe1 a4 16. g4 b3 17. Nc1 a3 18. Nxb3 Qa7 19. Qe3 Qa4 20. Nc5 Qb4
21. Nb3 axb2 22. Kxb2 Nb6 23. Qd2 Na4+ 24. Ka1 Nc3
0-1

[Event "Lumpy's Christmas Knock Out"]
[Site "SchemingMind.com"]
[Date "2011.12.16"]
[Round "-"]
[White "cnile"]
[Black "maro"]
[Result "1-0"]
[WhiteCountry "SCO"]
[BlackCountry "MEX"]
[WhiteElo "1454"]
[WhiteRD "66"]
[BlackElo "1405"]
[BlackRD "58"]
[GameID "298932"]

1. d4 d5 2. Nf3 Nf6 3. Bg5 e6 4. c4 Be7 5. e3 O-O 6. Nc3 Bd7 7. Bxf6 Bxf6 8. cxd5 exd5 9. Bd3 Nc6 10. Nxd5 a6
11. Nxf6+ Qxf6 12. O-O b5 13. Qc2 g6 14. Rfd1 Bg4 15. Be4 Bd7 16. Bxc6 Bxc6 17. Qe2 Rad8 18. Rac1 Bxf3 19. Qxf3 Qxf3 20. gxf3 Rc8
21. e4 c6 22. Kg2 Rfe8 23. Kg3 h5 24. e5 Kg7 25. f4 Rh8 26. d5 h4+ 27. Kh3 Rh5 28. Rxc6 Rxc6 29. dxc6 Rh8 30. c7 Rc8
31. Rd7 Kf8 32. Rd8+
1-0

[Event "Lumpy's Christmas Knock Out"]
[Site "SchemingMind.com"]
[Date "2011.12.11"]
[Round "-"]
[White "alvaro"]
[Black "Holty"]
[Result "1-0"]
[WhiteCountry "URU"]
[BlackCountry "ENG"]
[WhiteElo "1823"]
[WhiteRD "129"]
[BlackElo "1629"]
[BlackRD "73"]
[GameID "298933"]

1. e4 e5 2. Nf3 Nf6 3. Nxe5 d6 4. Nf3 Nxe4 5. Bb5+ c6 6. Be2 Be7 7. d3 Nf6 8. O-O O-O 9. Be3 Re8 10. c4 Bg4
11. Nc3 Nbd7 12. d4 Nb6 13. b3 Qc7 14. Qc2 Rad8 15. Ne4 Qd7 16. Nc3 Bf5 17. Qb2 Qc7 18. Bf4 Nbd7 19. c5 b5 20. b4 Nh5
21. Bg3 Nxg3 22. fxg3 d5 23. Rae1 f6 24. Bxb5 cxb5 25. Nxd5 Qc8 26. Nxe7+ Rxe7 27. Rxe7 Bd3 28. Rfe1 Bc4 29. Qc2 Nf8 30. Rxa7 Ne6
31. a4 Nxd4 32. Nxd4 Rxd4 33. axb5 Bxb5 34. Ree7 Qf8 35. Qa2+ Bc4 36. Qa4 Rd8 37. b5 Re8 38. Qxc4+ Kh8 39. Qf7
1-0

[Event "Lumpy's Christmas Knock Out"]
[Site "SchemingMind.com"]
[Date "2011.12.16"]
[Round "-"]
[White "maro"]
[Black "cnile"]
[Result "0-1"]
[WhiteCountry "MEX"]
[BlackCountry "SCO"]
[WhiteElo "1371"]
[WhiteRD "58"]
[BlackElo "1437"]
[BlackRD "64"]
[GameID "298936"]

1. e4 e6 2. d4 d5 3. e5 c5 4. Nf3 Nc6 5. b3 Nge7 6. dxc5 Qa5+ 7. Bd2 Qxc5 8. Be2 Ng6 9. O-O Ngxe5 10. Nxe5 Nxe5
11. b4 Qc7 12. c3 Bd6 13. a4 O-O 14. g3 Nc4 15. Bxc4 Qxc4 16. Na3 Qc7 17. Qg4 e5 18. Qg5 Bh3 19. Rfe1 Rae8 20. Nb5 Qc6
21. Nxa7 Qc4 22. Qh5 Be6 23. Nb5 Bb8 24. Na3 Qd3 25. Nb1 f5 26. Re3 Qa6 27. b5 Qb6 28. Na3 f4 29. gxf4 exf4 30. Re5 Ba7
31. c4 Qxf2+ 32. Kh1 Qxd2 33. Rd1 Qf2 34. Re2 Qc5 35. Nc2 Qxc4
0-1

[Event "Lumpy's Christmas Knock Out"]
[Site "SchemingMind.com"]
[Date "2011.12.11"]
[Round "-"]
[White "Holty"]
[Black "alvaro"]
[Result "0-1"]
[WhiteCountry "ENG"]
[BlackCountry "URU"]
[WhiteElo "1629"]
[WhiteRD "73"]
[BlackElo "1823"]
[BlackRD "129"]
[GameID "298937"]

1. d4 Nf6 2. Nf3 e6 3. Bg5 h6 4. Bh4 d5 5. e3 Nc6 6. Bd3 Bd6 7. c3 a6 8. Nbd2 e5 9. dxe5 Nxe5 10. Nxe5 Bxe5
11. O-O g5 12. Bg3 Bxg3 13. hxg3 Qd6 14. Re1 Bg4 15. Qc2 O-O-O 16. b4 Be6 17. Bf5 Kb8 18. Bd3 h5 19. b5 a5 20. Nf3 h4
21. gxh4 gxh4 22. Bf5 Ng4 23. Bxg4 Bxg4 24. Ng5 h3 25. g3 h2+ 26. Kg2 Qh6
0-1

[Event "Lumpy's Christmas Knock Out"]
[Site "SchemingMind.com"]
[Date "2012.01.30"]
[Round "-"]
[White "Clive Everill"]
[Black "lea_dc"]
[Result "0-1"]
[WhiteCountry "CZE"]
[BlackCountry "ARG"]
[WhiteElo "1753"]
[WhiteRD "55"]
[BlackElo "1856"]
[BlackRD "104"]
[GameID "302254"]

1. e4 e5 2. Nc3 Nf6 3. f4 d6 4. Nf3 exf4 5. Bc4 Be7 6. d4 O-O 7. Bxf4 b6 8. O-O Bb7 9. e5 dxe5 10. Nxe5 Nbd7
11. Nb5 c6 12. Nxd7 Qxd7 13. Nc3 Rad8 14. Ne2 c5 15. c3 Qc6 16. Rf3 cxd4 17. Qb3 dxc3 18. Qxc3 Ne4 19. Qb3 Nd2 20. Bxd2 Rxd2
21. Nd4 Rxd4 22. Bxf7+ Kh8 23. Raf1 Rf4 24. Qe6 Bc5+ 25. Kh1 Rxf3 26. Rxf3 Qxf3
0-1

[Event "Lumpy's Christmas Knock Out"]
[Site "SchemingMind.com"]
[Date "2012.01.30"]
[Round "-"]
[White "lea_dc"]
[Black "Clive Everill"]
[Result "1-0"]
[WhiteCountry "ARG"]
[BlackCountry "CZE"]
[WhiteElo "1856"]
[WhiteRD "104"]
[BlackElo "1753"]
[BlackRD "55"]
[GameID "302255"]

1. e4 e6 2. d4 d5 3. Nc3 Be7 4. Nf3 dxe4 5. Nxe4 Bd7 6. Bd3 Bc6 7. O-O Bxe4 8. Bxe4 c6 9. c3 Nf6 10. Bc2 O-O
11. Bf4 Nbd7 12. Qd3 g6 13. Rfe1 Nd5 14. Bg3 Rc8 15. Rad1 c5 16. dxc5 Nxc5 17. Qe2 Qb6 18. Rxd5 exd5 19. Qxe7 Rfe8 20. Qxe8+ Rxe8
21. Rxe8+ Kg7 22. b3 Ne6 23. Be5+ Kh6 24. Re7 f5 25. Nd4 Nxd4 26. Bxd4 Qd6 27. Bg7+ Kg5 28. h4+ Kxh4 29. Bf8 Qa6 30. Rxh7+ Kg5
31. Be7+ Kf4 32. Rh3 Qe2 33. Rf3+ Kg4 34. Rg3+ Kh5 35. Rh3+ Kg4 36. Rh4#
1-0

[Event "Lumpy's Christmas Knock Out"]
[Site "SchemingMind.com"]
[Date "2012.03.10"]
[Round "-"]
[White "cnile"]
[Black "Olli Ylönen"]
[Result "0-1"]
[WhiteCountry "SCO"]
[BlackCountry "FIN"]
[WhiteElo "1463"]
[WhiteRD "58"]
[BlackElo "1840"]
[BlackRD "54"]
[GameID "305002"]

1. e4 e5 2. Nf3 Nf6 3. d3 Nc6 4. g3 d5 5. Nbd2 dxe4 6. dxe4 Bc5 7. Bg2 O-O 8. O-O Qe7 9. Nc4 Nxe4 10. Be3 Bxe3
11. Nxe3 Nf6 12. c3 e4 13. Nd4 Nxd4 14. Qxd4 c5 15. Qa4 b6 16. Rfe1 Bb7 17. Nf5 Qe5 18. Ne3 h5 19. Qc2 b5 20. Rad1 Qg5
21. h4 Qg6 22. Nf1 Rab8 23. Ne3 Rfe8 24. Qe2 c4 25. Bh3 Rbd8 26. Bf5 Qh6 27. g4 Nxg4 28. Nxg4 hxg4 29. Qxg4 Rxd1 30. Rxd1 e3
31. fxe3 Qxe3+ 32. Kh2 Qe2+ 33. Qxe2 Rxe2+ 34. Kg3 g6 35. Bd7 Rxb2 36. a3 Rb3 37. a4 Rxc3+ 38. Kf4 b4 39. Kg5 Rd3 40. Rxd3 cxd3
41. Bg4 b3
0-1

[Event "Lumpy's Christmas Knock Out"]
[Site "SchemingMind.com"]
[Date "2012.03.10"]
[Round "-"]
[White "Olli Ylönen"]
[Black "cnile"]
[Result "1-0"]
[WhiteCountry "FIN"]
[BlackCountry "SCO"]
[WhiteElo "1819"]
[WhiteRD "52"]
[BlackElo "1479"]
[BlackRD "59"]
[GameID "305005"]

1. e4 e6 2. d4 d5 3. exd5 exd5 4. Nf3 Bg4 5. h3 Bxf3 6. Qxf3 Bd6 7. Bd3 Ne7 8. c4 c6 9. O-O Nd7 10. c5 Bc7
11. Bf4 Nf8 12. Be5 f6 13. Bxc7 Qxc7 14. Nc3 Nfg6 15. Rfe1 O-O 16. h4 Qf4 17. Qxf4 Nxf4 18. Bxh7+ Kxh7 19. Rxe7 Kg6 20. Rxb7 a5
21. g3 Nd3 22. Rd1 Nxb2 23. Rxb2 Rfe8 24. Rb6 a4 25. Rxc6 Reb8 26. Nxd5
1-0

[Event "Lumpy's Christmas Knock Out"]
[Site "SchemingMind.com"]
[Date "2012.04.17"]
[Round "-"]
[White "alvaro"]
[Black "emvarela"]
[Result "1/2-1/2"]
[WhiteCountry "URU"]
[BlackCountry "ARG"]
[WhiteElo "1850"]
[WhiteRD "102"]
[BlackElo "1743"]
[BlackRD "46"]
[GameID "308278"]

1. e4 e5 2. Nf3 Nc6 3. Bc4 Bc5 4. b4 Bxb4 5. c3 Bc5 6. d4 Bb6 7. d5 Nce7 8. Nxe5 d6 9. Nf3 Bg4 10. O-O Nf6
11. Re1 Ng6 12. h3 Bxf3 13. Qxf3 Qd7 14. Be3 Ne5 15. Qe2 Bxe3 16. fxe3 Nxc4 17. Qxc4 O-O 18. Nd2 Rfe8 19. Rab1 b6 20. Rb4 a5
21. Rb5 Nxe4 22. Nxe4 Rxe4 23. Qd3 Rae8 24. c4 Qe7 25. Rb3 Qh4 26. Rf1 R8e5 27. Qc2 Rxe3 28. Rxe3 Qd4 29. Rf3 Rxe3 30. Rxe3 Qxe3+
31. Kh2 Qe5+ 32. Kg1 f5 33. Kh1 Qe1+ 34. Kh2 Qe4 35. Qb3 g5 36. Qb5 Qf4+ 37. Kh1 Qf1+=
1/2-1/2

[Event "Lumpy's Christmas Knock Out"]
[Site "SchemingMind.com"]
[Date "2012.04.18"]
[Round "-"]
[White "emvarela"]
[Black "alvaro"]
[Result "1-0"]
[WhiteCountry "ARG"]
[BlackCountry "URU"]
[WhiteElo "1743"]
[WhiteRD "46"]
[BlackElo "1850"]
[BlackRD "102"]
[GameID "308282"]

1. e4 e5 2. Nf3 Nc6 3. Bb5 a6 4. Bxc6 dxc6 5. O-O Bg4 6. h3 Bh5 7. g4 Bg6 8. Nxe5 Qh4 9. Qf3 O-O-O 10. Nxg6 hxg6
11. Kg2 Bd6 12. d4 Ne7 13. Rh1 f6 14. c3 c5 15. Be3 cxd4 16. cxd4 Nc6 17. Nc3 Nb4 18. a3 Nd3 19. Ne2 Nxb2 20. Rab1 Bxa3
21. Nf4 Qh7 22. Nd5 Nc4 23. e5 Nxe3+ 24. fxe3 c6 25. Nb6+ Kc7 26. d5 fxe5 27. Qf7+ Kb8 28. Nd7+ Rxd7 29. Qxd7 b5 30. dxc6 Qxh3+
31. Rxh3
1-0

[Event "Lumpy's Christmas Knock Out"]
[Site "SchemingMind.com"]
[Date "2012.07.17"]
[Round "-"]
[White "Olli Ylönen"]
[Black "NYNH"]
[Result "1/2-1/2"]
[WhiteCountry "FIN"]
[BlackCountry "USA"]
[WhiteElo "1877"]
[WhiteRD "56"]
[BlackElo "2015"]
[BlackRD "65"]
[GameID "314225"]

1. e4 e6 2. d4 d5 3. Nc3 Nf6 4. Bg5 Be7 5. e5 Nfd7 6. Bxe7 Qxe7 7. f4 a6 8. Nf3 c5 9. dxc5 Nc6 10. Bd3 Qxc5
11. Qd2 b5 12. a3 b4 13. axb4 Nxb4 14. Na4 Nxd3+ 15. cxd3 Qa7 16. d4 a5 17. O-O Ba6 18. Rfc1 Bc4 19. b4 axb4 20. Qxb4 Qa5
21. Qxa5 Rxa5 22. Nd2 Ba6 23. Nc5 Rxa1 24. Rxa1 Bc8 25. Ra8 O-O 26. Nxd7=
1/2-1/2

[Event "Lumpy's Christmas Knock Out"]
[Site "SchemingMind.com"]
[Date "2012.07.17"]
[Round "-"]
[White "NYNH"]
[Black "Olli Ylönen"]
[Result "1-0"]
[WhiteCountry "USA"]
[BlackCountry "FIN"]
[WhiteElo "2007"]
[WhiteRD "67"]
[BlackElo "1845"]
[BlackRD "53"]
[GameID "314230"]

1. d4 Nf6 2. c4 g6 3. Nc3 Bg7 4. e4 d6 5. f3 O-O 6. Be3 Nc6 7. Nge2 a6 8. Qd2 Rb8 9. O-O-O b5 10. h4 e5
11. h5 Nxh5 12. Bh6 Nxd4 13. Nxd4 exd4 14. Bxg7 Kxg7 15. Nd5 c6 16. Qxd4+ Kg8 17. Rxh5 cxd5 18. Rxd5 Be6 19. Rxd6 Qg5+ 20. Qd2 Qxd2+
21. R1xd2 Ra8 22. Kb1 Bxc4 23. Bxc4 bxc4 24. Rc6 Rfc8 25. Rdd6 a5 26. Kc2 Kf8 27. Kc3 Ke7 28. Rxc8 Rxc8 29. Rd5 Ra8 30. Kxc4 Ke6
31. b3 h5 32. Kb5 Rc8 33. Rd2 Ra8 34. Ka4 Ke5 35. a3 Kf4 36. b4 axb4+ 37. Kxb4 Kg3 38. a4 h4 39. a5 h3 40. gxh3 Kxf3
41. Rd7 Rf8 42. a6 Kxe4 43. Kc5 Kf4 44. a7 Kg3 45. Rxf7 Rxf7 46. a8=Q Kxh3 47. Kd4 Kh4 48. Ke5 Rf5+ 49. Ke4 Kg5= 50. Qd8+ Kh5
51. Qd1+ Kg5 52. Qg1+ Kh6 53. Qg4 Kg7 54. Qh4 Kf7 55. Qh8 Rh5 56. Qd8 Rf5= 57. Qd7+ Kf6 58. Qh7 Kg5= 59. Qh8 Kg4 60. Qh6 Rg5
61. Qg7 Kh5 62. Qh8+ Kg4 63. Qh6
1-0

[Event "Lumpy's Christmas Knock Out"]
[Site "SchemingMind.com"]
[Date "2012.08.28"]
[Round "-"]
[White "lea_dc"]
[Black "emvarela"]
[Result "0-1"]
[WhiteCountry "ARG"]
[BlackCountry "ARG"]
[WhiteElo "1751"]
[WhiteRD "97"]
[BlackElo "1743"]
[BlackRD "47"]
[GameID "316424"]

1. e4 e5 2. Nf3 Nc6 3. Bb5 a6 4. Ba4 Nf6 5. O-O Be7 6. c3 b5 7. Bc2 O-O 8. d4 exd4 9. cxd4 Nb4 10. a3 Nxc2
11. Qxc2 d6 12. Nc3 Bb7 13. b4 c5 14. bxc5 dxc5 15. d5 Qc7 16. Bb2 Rad8 17. Rad1 Bd6 18. Rfe1 Nd7 19. h3 Ne5 20. Nxe5 Bxe5
21. Re3 f6 22. Ne2 Bxb2 23. Qxb2 Qe5 24. Qxe5 fxe5 25. Nc1 c4 26. Ne2 Rd6 27. Nc3 Rfd8 28. Rf3 Bc8 29. Kf1 Rf8 30. Ke2 Rxf3
31. Kxf3 h5 32. Rb1 Rf6+ 33. Kg3 g5 34. f3 h4+ 35. Kf2 g4 36. hxg4 Bxg4 37. Ke2 Bd7 38. Ke3 h3 39. g4 Rh6 40. Kf2 h2
41. Kg2 a5 42. Rh1 b4 43. axb4 axb4 44. Ne2 c3 45. Ng3 c2 46. Kf2 b3
0-1

[Event "Lumpy's Christmas Knock Out"]
[Site "SchemingMind.com"]
[Date "2012.08.28"]
[Round "-"]
[White "emvarela"]
[Black "lea_dc"]
[Result "1/2-1/2"]
[WhiteCountry "ARG"]
[BlackCountry "ARG"]
[WhiteElo "1757"]
[WhiteRD "48"]
[BlackElo "1776"]
[BlackRD "95"]
[GameID "316427"]

1. e4 e5 2. Nf3 Nc6 3. d4 d6 4. Bb5 Bd7 5. Nc3 Nf6 6. O-O Be7 7. Re1 exd4 8. Nxd4 Ne5 9. Bxd7+ Qxd7 10. Nd5 Nxd5
11. exd5 O-O 12. h3 Rfe8 13. b3 Bf6 14. Be3 Re7 15. Qd2 Rae8 16. Bg5 Bxg5 17. Qxg5 Ng6 18. Nf3 Rxe1+ 19. Rxe1 Rxe1+ 20. Nxe1 Qe7
21. Qxe7 Nxe7 22. c4 c6 23. dxc6 bxc6 24. Nf3 f6 25. Nd4 Kf7 26. g4 g6 27. f4 h5 28. Kf2 f5 29. g5 d5 30. Ke3 c5
31. Nb5 d4+ 32. Kd3 Nc6 33. a3 Ke6 34. Nc7+ Kd7 35. Nd5 Ke6 36. b4 Kd6 37. b5 Ne7 38. Nxe7 Kxe7 39. a4 Kd6 40. a5 Kc7=
1/2-1/2

[Event "Lumpy's Christmas Knock Out"]
[Site "SchemingMind.com"]
[Date "2013.01.14"]
[Round "-"]
[White "NYNH"]
[Black "emvarela"]
[Result "1-0"]
[WhiteCountry "USA"]
[BlackCountry "ARG"]
[WhiteElo "2052"]
[WhiteRD "63"]
[BlackElo "1759"]
[BlackRD "49"]
[GameID "325021"]

1. d4 Nf6 2. c4 e6 3. g3 c5 4. d5 exd5 5. cxd5 d6 6. Nf3 Be7 7. Nc3 O-O 8. Bg2 a6 9. a4 Bg4 10. O-O Bxf3
11. Bxf3 Nbd7 12. Bf4 Ne5 13. Bg2 Qb6 14. Qc2 Ng6 15. Bd2 Rfe8 16. a5 Qc7 17. Na4 Nd7 18. Rac1 b5 19. axb6 Nxb6 20. b4 Rec8
21. bxc5 dxc5 22. d6 Bxd6 23. Bxa8 Rxa8 24. Ba5
1-0

[Event "Lumpy's Christmas Knock Out"]
[Site "SchemingMind.com"]
[Date "2013.01.14"]
[Round "-"]
[White "emvarela"]
[Black "NYNH"]
[Result "0-1"]
[WhiteCountry "ARG"]
[BlackCountry "USA"]
[WhiteElo "1759"]
[WhiteRD "49"]
[BlackElo "2052"]
[BlackRD "63"]
[GameID "325023"]

1. e4 c5 2. Nf3 d6 3. d4 cxd4 4. Nxd4 Nf6 5. Nc3 g6 6. Be3 Bg7 7. f3 O-O 8. Qd2 Nc6 9. O-O-O Bd7 10. Bc4 Rc8
11. Bb3 Ne5 12. Nd5 Nc4 13. Nxf6+ Bxf6 14. Bxc4 Rxc4 15. c3 Qa5 16. Kb1 Rfc8 17. Nb3 Qd8 18. Bd4 Bxd4 19. Nxd4 b5 20. f4 a5
21. f5 b4 22. cxb4 axb4 23. Rc1 Qa5 24. fxg6 fxg6 25. Nb3 Qe5 26. Rxc4 Rxc4 27. Qd5+ Qxd5 28. exd5 Bf5+ 29. Ka1 Be4 30. Re1 Bxg2
31. Rxe7 Bxd5
0-1